000 01968nam a2200577 i 4500
001 35633
003 KOSZ 005
005 20240405063110.0
008 231004s1981 pl ab g 001 0 pol
015 _aUWD 1981/8046
020 _a8311065888
_z8311065889
035 _a991012716299705066
035 _a(PL-WaBN)b13437264-48omnis_nlop
035 _ab13437264
035 _a(OCoLC)69374346
035 _azz2005988392
035 _a(PL)b0000001343726
035 _a(EXLNZ-48OMNIS_NETWORK)9910180694305606
040 _aWA N
_cWA N
_dKOSZ 005/RW
045 _bd1939
_bd1945
080 _a94(438).082
080 _a94(438).082.2
080 _a929-051(438)
100 1 _aNienałtowski, Stanisław
_d(1909-2009)
_eAutor
245 1 0 _aOdwet i walka /
_cStanisław Nienałtowski.
250 _aWydanie I.
260 _aWarszawa :
_bWydawnictwo Ministerstwa Obrony Narodowej,
_c1981.
300 _a319, [1] stron, [9] kart ilustracji :
_bfotografie, mapy, portrety ;
_c20 cm.
336 _aTekst
_btxt
_2rdacontent
337 _aBez urządzenia pośredniczącego
_bn
_2rdamedia
338 _aWolumin
_bnc
_2rdacarrier
380 _aKsiążki
380 _aLiteratura faktu, eseje, publicystyka
388 1 _a1901-2000
388 1 _a1945-1989
504 _aIndeks.
610 2 7 _aArmia Ludowa (AL)
_2DBN
648 7 _a1901-2000
_2DBN
648 7 _a1939-1945
_2DBN
650 7 _aII wojna światowa (1939-1945)
_2DBN
650 7 _aOkupacja niemiecka
_2DBN
650 7 _aRuch oporu
_2DBN
651 7 _aWarszawa (woj. mazowieckie)
_2DBN
655 7 _aPamiętniki polskie
_2DBN
658 _aBezpieczeństwo i wojskowość
658 _aHistoria
710 2 _aWydawnictwo Ministerstwa Obrony Narodowej
_4pbl
856 _uhttp://koha.tu.koszalin.pl/cgi-bin/koha/opac-detail.pl?biblionumber=35633
_yKatalog online BPK
942 _2UKD
_cKS
999 _c35633
_d35633